| 000 | 00380 a2200133 4500 | ||
|---|---|---|---|
| 005 | 20250626084058.0 | ||
| 020 | _a0-471-40358-x | ||
| 082 | _a658.4'22LIG | ||
| 100 | _aLIGHT, M. | ||
| 245 | _aThe Strategic Board: The Step-by-Step Guide to HIGH- Impact Governance, | ||
| 260 |
_aNew York, _bJohn Wiley, _c2001. |
||
| 300 |
_axvii, 245,: ill.; figure, _bIndex _c23cm |
||
| 942 |
_2ddc _cBKS |
||
| 999 |
_c5248 _d5248 |
||